000 00306nam a2200109Ia 4500
008 200302s9999 xx 000 0 und d
100 _aGrodon Kerr
245 _aTimeline Of India : From ancient Civilization to World Power And Economic Miracle
260 _bOmni Press Ltd
260 _c2011
300 _a159 P
999 _c4945
_d4945